000 00746cam a22002653a 4500
001 8524
003 PGUSA
005 20140828083201.0
008 050701s2005||||xxu|||||s|||||000 1 eng d
040 _aPGUSA
_beng
042 _adc
050 4 _aPQ
100 1 _aFrance, Anatole,
_d1844-1924
245 1 0 _aL'Île Des Pingouins
_h[electronic resource] /
_cAnatole France
260 _bProject Gutenberg,
_c2005
506 _aPublic domain in the USA.
516 _aElectronic text
653 _aCivilization, Western -- Fiction
653 _aFrance -- Civilization -- Fiction
653 _aSatire
653 _aPenguins -- Fiction
830 0 _aProject Gutenberg
_v8524
856 4 0 _uhttp://www.gutenberg.org/ebooks/8524
942 _cEB
999 _c237824
_d237824